[Event "SaitekSparc_Risc2500norm"]
[Site "Zürich"]
[Date "2019.02.23"]
[Round "6"]
[White "Saitek Risc 2500 normal"]
[Black "Saitek Sparc"]
[Result "1-0"]
[WhiteElo "2247"]
[BlackElo "2254"]
[Annotator "KUT"]
[PlyCount "96"]
[EventDate "2019.??.??"]

1. e4 c5 {Vergleichsmatch 120'/40 der Spielstile Risc 2500 gegen Saitek Sparc
| 6. Partie | Vergleich der Zwischenstände nach 6 Partien: Risc 2500 normal =
2,5 Pkt. / Risc 2500 akt = 4,0 Pkt | Mit dem Damentausch im 16. Zug gerät der
Saitek Sparc in eine total verlorene Stellung. Die Qualität geht verloren,
die beiden weissen Türme dringen entscheidend auf der 7. Reihe ein.
Schliesslich gibt Weiss die Qualität zurück, verbleibt dann im Endspiel
allerdings mit zwei Mehrbauern. Den Rest erledigt der Risc 2500 normal ohne
Probleme.} 2. c3 e6 3. d4 d5 4. exd5 exd5 5. Nf3 Nc6 6. Bb5 Bd6 7. O-O Nge7 8.
dxc5 Bxc5 9. Nbd2 O-O 10. Nb3 Bd6 11. Nbd4 Bg4 12. Qa4 {***ENDE BUCH***} Bh5
13. Be3 Qc7 14. h3 Na5 {***ENDE BUCH***} 15. Rad1 {Abweichung} (15. Bd3 Nc4 16.
Nb5 Qd7 17. Bxc4 dxc4 18. Rfd1 Nf5 19. Qxc4 Bxf3 20. gxf3 Nxe3 21. fxe3 Qxh3
22. Nxd6 Qg3+ 23. Kf1 Qh3+ 24. Ke1 Qg3+ 25. Ke2 Qh2+ 26. Kf1 Qh3+ 27. Ke2 Qh2+
28. Kf1 Qh3+ {½-½ (28) Saitek Risc 2500 aktiv (2247)-Saitek Sparc (2254)
Zürich 2019}) 15... Nc4 16. Bxc4 Qxc4 $2 {Weshalb der Zwischenzug 16...Lxf3
notwendig war, wird sich bald zeigen.} 17. Qxc4 dxc4 18. g4 {Vorerst wird der
Läufer abgedrängt.} Bg6 19. Nb5 {Jetzt folgt der Angriff auf den Läufer d6,
der nur ein Rückzugsfeld auf b8 hat, was jedoch den a8-Turm von der Bewachung
der 8. Reihe ausschliesst.} Bb8 20. Bc5 {Und damit gewinnt Weiss mindestens
die Qualität, da der angegriffene Springer mit ...Te8 nicht gedeckt werden
darf, weil nach Lxe7 Txe7 das Matt durch Td8 folgt. So wird der Springer
weichen müssen, was dem weissen Läufer erlaubt, den gegnerischen Turm f8 zu
schlagen.} Be4 {Dieses Zwischenintermezzo ändert nichts an der Lage.} 21. Nh4
Nc6 22. Bxf8 Kxf8 23. Rd7 $18 {Der Kampf ist entschieden.} a6 24. Nc7 {Noch
stärker war 24.Te1} Bxc7 25. Rxc7 Nd8 26. Re1 Bc6 27. Ree7 {Zwei Türme auf
der 7. Reihe haben meistens eine tödliche Wirkung.} Kg8 28. Nf5 Ne6 29. Rxf7
$1 {Sehr gut gespielt, Weiss gibt die Qualität zurück, verbleibt dann aber
mit zwei Mehrbauern.} Nxc7 30. Rxg7+ Kh8 31. Rxc7 Rd8 32. f4 Rd1+ 33. Kf2 h5 {
Es drohte Matt durch Tc8, weshalb Schwarz keine Zeit findet, den b2-Bauer mit
dem Turm abzuholen.} 34. Re7 Rd2+ 35. Re2 Rxe2+ 36. Kxe2 Bg2 37. gxh5 Bxh3 38.
Ng3 Kg7 39. Ke3 Be6 40. f5 Bf7 41. Kf4 Kh6 42. f6 {Schwarz ist in diesem
Endspiel absolut hilflos.} Kh7 43. Nf5 {Systematischer gewinnt Kg5} Be6 44. Kg5
b6 45. Nd6 Bd5 46. h6 a5 47. f7 Bxf7 48. Nxf7 a4 {Schwarz gibt auf} 1-0

[Event "SaitekSparc_Risc2500norm"]
[Site "Zürich"]
[Date "2019.02.24"]
[Round "7"]
[White "Saitek Sparc"]
[Black "Saitek Risc 2500 normal"]
[Result "1-0"]
[WhiteElo "2254"]
[BlackElo "2247"]
[Annotator "KUT"]
[PlyCount "90"]
[EventDate "2019.??.??"]

1. d4 Nf6 {Vergleichsmatch 120'/40 der Spielstile | 7. Partie | Zwischenstand
nach 7 Partien: Risc 2500 normal = 2,5 Pkt. / Risc 2500 akt = 4,0 Pkt. | Der
Risc 2500 norm trifft mit seinem Zentrumsvorstoss d7-d5 einen falschen
Entscheid, kann doch der Saitek Sparc schliesslich diesen Bauern schlagen. Ein
Zurücknehmen erweist sich wegen Fesslungen auf der d-Linie und der Diagonale
a2-g8 als unmöglich. Und nachdem der weisse Turm auf e6 eindringt und auf b6
einen zweiten Bauern erobert, ist die Sache gelaufen, und das holländische
Programm wird sang- und klanglos zusammengeschoben. Eine hübsch anzusehende
Gewinnpartie des Saitek Sparc.} 2. c4 e6 3. Nc3 Bb4 4. Qb3 c5 5. dxc5 Nc6 6.
Nf3 Ne4 7. Bd2 Nxc5 {Ende Buch} 8. Qc2 O-O 9. a3 Bxc3 10. Bxc3 {Ende Buch} d5 {
Abweichung} (10... f5 11. b4 Ne4 12. Bb2 d6 13. e3 e5 14. Be2 Be6 15. O-O Rc8
16. Nd2 d5 17. Nxe4 fxe4 18. Kh1 Qg5 19. cxd5 Nxb4 20. Qa4 Nxd5 21. Qxe4 Nc3
22. Bxc3 Rxc3 23. Qxb7 Rb3 24. Qxa7 Bd5 25. f3 Rxe3 26. Qa6 Rd8 27. Bc4 Kh8 28.
Bxd5 Rxd5 29. Rfd1 Rd8 30. Qa5 Re8 31. Qb5 Rc8 32. Rac1 Re1+ 33. Rxe1 Qxc1 34.
Qe8+ Rxe8 35. Rxc1 Ra8 36. Kg1 Kg8 37. Rc3 Kf7 38. Kf2 Ke6 39. Ke3 Ra4 40. h3
g6 41. Kd3 Kd5 42. Kc2 Ra7 43. Rd3+ Kc5 44. Kb2 Kc4 45. Rc3+ Kd5 46. Re3 Rb7+
47. Rb3 Ra7 48. Rb5+ Kd4 49. Kb3 Rc7 50. Rb8 Ke3 51. Ka2 Ra7 52. Rc8 Kf2 53.
Rc2+ Kg3 54. Rd2 Kf4 55. Re2 Kg3 56. Kb3 Rb7+ 57. Kc4 Ra7 58. Kb4 Rb7+ 59. Kc5
Ra7 60. Ra2 Kf4 61. a4 e4 62. fxe4 Kxe4 63. a5 Ra6 64. Kb5 Ra8 65. a6 Kf4 66.
a7 Kg3 67. Kb6 Rf8 68. Rc2 g5 69. Kb7 h5 70. a8=Q Rxa8 71. Kxa8 g4 72. hxg4
hxg4 73. Kb7 Kf4 74. Rc3 Kf5 75. g3 Ke4 76. Rb3 Ke5 {1-0 (76) Saitek Sparc 
(2254)-Saitek Risc 2500 aktiv (2247) Zürich 2019}) 11. e3 Ne4 12. Rd1 Nxc3 13.
Qxc3 Ne7 14. e4 f6 $6 {Zu langsam; eine beachtenswerte Verteidigung und aus
der Fesslung in der d-Linie gehend wäre 14...De8, die Tatsache ausnutzend,
dass der weisse König noch nicht rochiert hat. Später kann er dann gefahrlos
...dxc4 oder ...dxe4 spielen.} 15. Be2 b6 16. Qb3 Qd6 17. O-O Bb7 18. Rd2 {
Bereitet die Turmverdopplung auf der d-Linie vor. Langsam wird es für den
gegnerischen Zentrumsbauer d5 ungemütlich, insbesondere weil die schwarze
Dame noch gefesselt ist.} f5 {Nun versucht Schwarz mit Gewalt, eine Klärung
im Zentrum herbeizuführen.} 19. exd5 exd5 20. cxd5 {Nun darf Schwarz auf
keine Weise den d5-Bauer zurückholen wegen Lc4 und Weiss gewinnt. Es zeigt
sich, dass auch der schwarze König in eine tödliche Fesslung auf der
Diagonale a2-g8 geraten würde.} Rad8 21. Bc4 {Und nun ist der d5-Bauer für
Schwarz wiederum tabu und zwar wegen Tfd1.} a5 22. Re1 $18 {Der weisse Vorteil
ist bereits entscheidend. Er hat nicht nur einen Mehrbauern, sondern auch die
deutlich bessere Stellung.} Kh8 23. Re6 {Auch das noch; Schwarz ist in eine
schreckliche Lage geraten.} Qc5 24. Ng5 {Auch 24.d6 gewinnt.} Ng8 25. Rxb6 {
Weiss ist bereits im Besitz von zwei Mehrbauern bei unverändert
übermächtigem Positionsvorteil.} Bc8 26. d6 Nf6 27. Rb5 Qc6 28. Nf7+ {
Erobert noch zusätzlich die Qualität.} Rxf7 29. Bxf7 Ne4 30. Rc2 {Hier war
30.Td1 etwas präziser.} Qxd6 31. Rd5 Qe7 32. Rxd8+ Qxd8 33. Qd3 {Besetzt die
d-Linie und macht sich die Schwäche der Grundlinie zunutze. Die Dame darf
nicht geschlagen werden: ...Dxd3, Txc8+ Dd8, Txd8 Matt} Qf8 34. Qd5 Nf6 35.
Qxa5 {Selbst in den schönsten Gewinnstellungen sind unsere Oldies oftmals
noch unnötig materialistisch. Ganz einfach und klar hätte 35.Da8 gewonnen,
was Schwarz in Zugzwang gebracht hätte. Da das Schlagen des Lc8 droht,
müsste Schwarz den Lf7 schlagen und nach Txc8 wäre ...Sg8 erzwungen mit
völliger Lähmung. Weiss könnte gar alle Figuren auf g8 tauschen und in ein
leicht zu gewinnendes Bauernendspiel anstreben.} Bd7 36. Bc4 Qb8 37. b3 Ng4 38.
Rd2 Nf6 39. Rd4 Qf8 40. b4 Qc8 41. h3 Qe8 42. b5 Qc8 43. b6 h6 44. Qa6 Qe8 45.
b7 Bc6 {Schwarz gibt auf} 1-0

[Event "SaitekSparc_Risc2500norm"]
[Site "Zürich"]
[Date "2019.02.25"]
[Round "8"]
[White "Saitek Risc 2500 normal"]
[Black "Saitek Sparc"]
[Result "1/2-1/2"]
[WhiteElo "2247"]
[BlackElo "2254"]
[Annotator "KUT"]
[PlyCount "43"]
[EventDate "2019.??.??"]

1. e4 e6 {Vergleichsmatch 120'/40 der Spielstile Risc 2500 gegen Saitek Sparc
| 8. Partie | Zwischenstand nach 8 Partien: Risc 2500 normal = 3,0 Pkt. / Risc
2500 akt = 5,0 Pkt. | Für einmal findet gar kein richtiger Kampf statt. Denn
schon fünf Züge nach Ende des Eröffnungsbuches von Schwarz gibt sich der
Risc 2500 norm in ausgeglichener Stellung mit Remis durch 3-fache
Zugwiederholung zufrieden.} 2. d4 d5 3. Nc3 Bb4 4. e5 c5 5. a3 Bxc3+ 6. bxc3
Ne7 7. a4 Qa5 8. Qd2 {Nach diesem Zug fällt der Risc 2500 aus dem Buch, um
später wieder hineinzukommen.} Bd7 9. Nf3 {Abweichung} (9. Ba3 cxd4 10. cxd4
Qxd2+ 11. Kxd2 Nf5 12. Nf3 Bxa4 13. Bd3 b5 14. Rhb1 a6 15. g4 Ne7 16. h4 Nbc6
17. Bd6 O-O 18. Ng5 h6 19. Nf3 f6 20. Ke3 Rad8 21. Bc5 fxe5 22. Bxe7 Nxe7 23.
Nxe5 Rd6 24. h5 Rc8 25. Ra2 Nc6 26. Ng6 Rd7 27. f3 Rf7 28. Raa1 Na5 29. Ne5
Rfc7 30. Ra2 Nc6 31. Nxc6 Rxc6 32. Kd2 Kf7 33. Rbb2 Ke7 34. f4 Rc3 35. Rb1 Kd6
36. Rbb2 R8c6 37. Ra1 Kd7 38. Re1 Kc7 39. f5 exf5 40. gxf5 Kb6 41. Re5 Kb7 42.
Rxd5 Kc8 43. Ra2 Kb8 44. f6 gxf6 45. Rf5 a5 46. d5 Rc8 47. Rxf6 R3c5 48. Rxh6
Rxd5 49. Rh7 Rc6 50. Ke3 Re6+ 51. Kf4 Rf6+ 52. Kg4 Rd4+ 53. Kg3 Rdf4 54. h6 Rf2
55. Rd7 R6f3+ 56. Kg4 Rf8 57. Rg7 Rh2 58. Kg5 Rf3 59. h7 Rg2+ 60. Kh4 Rh2+ 61.
Kg4 Rfh3 62. Bf5 Rh6 63. Re7 Rg2+ 64. Kf3 Rgh2 65. Kf4 R6h5 66. Be4 R2h4+ 67.
Ke3 Rh2 68. Rb7+ Kc8 69. Ra7 Kd8 70. Rxa5 Ke7 71. Ra8 Kd6 72. Kd4 R5h3 73. Rd8+
Ke7 74. Rc8 Ke6 75. Bd3 Rh4+ 76. Kc5 Kd7 77. Rg8 Rh6 78. Ra1 R2h5+ 79. Kb4 Rh4+
80. c4 Kc7 81. Rc1 Kb6 82. Bg6 Rh3 83. c5+ Ka7 84. c6 Kb6 85. Rb8+ Ka6 86. c7
R3h4+ {1-0 (86) Saitek Risc 2500 aktiv (2247)-Saitek Sparc (2254) Zürich 2019}
) 9... Nbc6 10. Be2 {Wieder im Buch} Rc8 11. dxc5 Ng6 12. O-O {***ENDE BUCH***}
Ngxe5 13. Nxe5 Nxe5 {***ENDE BUCH***} 14. Ba3 f6 15. f4 Nc4 16. Bxc4 dxc4 17.
Rfe1 {Die Stellung befindet sich im Gleichgewicht.} Qa6 {Der Bauer a4 ist
nicht zu gewinnen. Der Läufer darf nicht schlagen wegen Txe6 +- und schlägt
die Dame, so kann Lb4 nebst Txa7 folgen.} 18. Qd6 {Und überrascht stellten
wir fest, dass sich die Programme in wenigen Zügen durch dreifache
Stellungswiederholung friedlich trennen.} Rc6 19. Qb8+ Rc8 20. Qd6 Rc6 21. Qb8+
Rc8 22. Qd6 {Remis 3x} 1/2-1/2

[Event "SaitekSparc_Risc2500norm"]
[Site "Zürich"]
[Date "2019.02.26"]
[Round "9"]
[White "Saitek Sparc"]
[Black "Saitek Risc 2500 normal"]
[Result "0-1"]
[WhiteElo "2254"]
[BlackElo "2247"]
[Annotator "KUT"]
[PlyCount "159"]
[EventDate "2019.??.??"]

1. e4 e5 {Vergleichsmatch 120'/40 der Spielstile Risc 2500 gegen Saitek Sparc
| 9. Partie | Zwischenstand nach 9 Partien: Risc 2500 normal = 4,0 Pkt. / Risc
2500 akt = 5,5 Pkt. | Schwarz lässt sich das Rochaderecht nehmen, doch
gelingt es dem Saitek Sparc nicht, daraus einen zählbaren Nutzen zu holen.
Nach dem 39. Zug steht ein reines Schwerfiguren-Endspiel mit beidseitig
Dame+Turm auf dem Brett. Die beideseitigen Bauernschwächen halten sich die
Waage und bei einem normalen Gang der Dinge war ein Remis zu erwarten. Hin und
her wogt der Kampf, aber der Saitek Sparc versucht mit 66.Kf3
fälschlicherweise einem Dauerschach der gegnerischen Dame auszuweichen und
gerät dadurch vom Regen in die Traufe. Und nach beidseits verpassten Gewinn-
und Remischancen holt das holländische Programm von Johan de Koning doch noch
den Sieg.} 2. Nf3 Nf6 3. d4 Nxe4 4. Bd3 d5 5. Nxe5 Nd7 6. Nxd7 Bxd7 7. O-O Bd6
8. c4 c6 {***ENDE BUCH***} 9. cxd5 cxd5 10. Nc3 Nxc3 11. bxc3 {***ENDE BUCH***}
Qc7 $6 {Dieser materialistisch begründete Doppelangriff auf die Bauern c3 und
h2 hat den Verlust der Rochade zur Folge. Richtig war deshalb 11...0-0} 12.
Qe1+ Be6 {Abweichung} (12... Kf8 13. h3 Re8 14. Be3 f5 15. Qd1 Qxc3 16. Rc1 Qa3
17. Qd2 Kg8 18. Rc3 Qa5 19. Qb2 b6 20. g3 g6 21. Bd2 Qa4 22. Bf4 Bxf4 23. Ra3
Qc6 24. gxf4 Qb7 25. Ba6 Qc7 26. Be2 Re7 27. Bf3 Be6 28. Qd2 Qd6 29. Rc3 Kf7
30. Rfc1 Bd7 31. Rc7 a6 32. Qd3 Be6 33. Rxe7+ Kxe7 34. Qxa6 Qxf4 35. Re1 Qd6
36. Qb7+ Kf6 37. Re5 Rd8 38. Qxh7 Ra8 39. Re2 Re8 40. Qh6 Qb4 41. Qh4+ Kf7 42.
Qf4 Qc4 43. h4 Rc8 44. Qe5 Rc6 45. Qh8 Qc1+ 46. Kg2 Qf4 47. Re3 Rc8 48. Qh7+
Kf6 49. Rxe6+ Kxe6 50. Qxg6+ Ke7 51. Bxd5 Qg4+ 52. Qxg4 fxg4 53. Be4 Rc4 54. h5
Rxd4 55. h6 Kf6 56. Bb1 Rd1 57. Bh7 b5 58. Bg8 Rd3 59. Kf1 Rh3 60. h7 Kg6 61.
Ke2 Kg7 62. Kd2 b4 63. Kd1 Rh2 64. Ke1 Kh8 65. Kf1 Rh1+ 66. Ke2 Rh3 67. Ke1 Rh6
68. Ke2 Ra6 69. Kd2 Kg7 70. Ke3 Rf6 71. Ke2 Kh8 72. Ke3 Rf3+ 73. Ke2 Rf5 74.
Ke3 Rf6 75. Ke2 Kg7 76. Ke3 Rf3+ 77. Ke2 Kh8 78. Bd5 Rc3 79. Bg8 g3 80. fxg3
Rxg3 81. Kf2 Rh3 82. Ke2 Ra3 83. Kf2 Rc3 84. Ke2 Kg7 85. Kf2 Rh3 86. Ke2 Ra3
87. Ke1 Rd3 88. Ke2 Rh3 89. Kd2 Rf3 90. Ke2 Rg3 91. Kd2 Kh8 92. Ke2 Rh3 93. Kf2
Rh6 94. Ke3 Rh4 95. Ke2 Rh5 96. Kd3 Rc5 97. Kd4 Rc7 98. Kd3 Rc1 99. Kd4 Rc6
100. Bd5 Rc7 101. Be4 Rc8 102. Bd3 Rd8+ 103. Kc4 Rd6 104. Be4 Kg7 105. Kc5 Rd8
106. Bf5 Rb8 107. Bd3 Kh8 108. Bb5 {½-½ (108) Saitek Sparc (2254)-Saitek
Risc 2500 aktiv (2247) Zürich 2017}) 13. Bb5+ Kf8 14. h3 Bf5 15. Qd2 Kg8 $6 {
Dazu gehört der Spruch "Das ist kein Schachzug."} 16. Re1 Rc8 17. Bb2 {
Zu passiv; mit 17.Ld3 hält Weiss die Initiative fest.} Bh2+ 18. Kh1 Bf4 19.
Qe2 {droht De8+ nebst Matt} h5 {Schafft ein Loch für den König und
ermöglicht das Eingreifen des Turms via h6.} 20. Bd3 Bxd3 21. Qxd3 Rh6 22. Qf5
Rd8 23. Re2 g6 {Jetzt bleibt der Turm weiter eingeschlossen.} 24. Qc2 Rh8 25.
Rae1 Bg5 26. Qb3 Bf6 27. Ba3 Rd7 28. Qa4 b6 29. Bc1 Rd8 30. Qb3 Qc6 31. Ba3 Rc8
32. Be7 Bg7 {Besser natürlich 32...Kg7} 33. Re3 h4 {Will er nun seinen Turm
via h5 ins Spiel bringen?} 34. Qa3 Rh5 {Das Spiel ist ausgeglichen.} 35. f4 a5
36. Qb2 Re8 37. Qf2 Bf6 38. Bxf6 Rxe3 39. Qxe3 Qxf6 40. Kh2 Qd6 41. Qf2 Qc6 42.
Re3 b5 43. Kh1 Kg7 44. Kg1 {Beiden Programmen sind die Ideen ausgegangen. Die
gegenseitigen Kräfte heben sich auf. Weiss hat eine Bauernschwäche auf c3,
Schwarz eine solche auf h4.} Rh8 45. f5 {Die Stellung ruhig halten und nichts
zu tun ist für die alten Programme fast nicht möglich.} g5 {Nun ist der
ehemals schwache h4-Bauer gedeckt.} 46. Qf3 {Mit Dd2 hätte Weiss dem aktiven
Vorstoss b5-b4 entgegenwirken können.} Qc4 {Durch ...b4 hätte Schwarz die
Initiative ergreifen können und sollen. Der pseudo-aktive Textzug bringt bei
richtiger Verteidigung nichts.} 47. f6+ $6 {Fragwürdig anstelle von 47.Te2
oder 47.Td5 mit noch immer Ausgleich.} Kh6 48. a3 Qb3 $6 {Gibt das
"Kompliment" zurück und verpasst die starke Riposte ...b5-b4 mit Vorteil.} 49.
Kh2 a4 {Verbaut sich am Damenflügel alle Chancen.} 50. Re5 Rd8 51. Qf5 {
Interessant war das Scheinopfer 51.Txg5, was entweder zu Dauerschach führt
oder - falls der schwarze König den Bauer f6 nimmt - zum Rückgewinn des
Turms d8 führt.} Rg8 52. Qd7 Kg6 53. Qc6 Rd8 {Vielversprechender sieht ...
Dxa3 zwecks rascher Bildung eines Freibauern aus.} 54. Qc7 Rh8 55. Qc5 Rd8 56.
Re7 Qb2 {Besser ist 56...Dc4 mit schwarzem Vorteil.} 57. Qc7 Rf8 58. Rd7 Qxa3
59. Rxd5 Qc1 60. Rxb5 $2 {Ein entscheidender Fehler, hätte doch 60.De7 das
Gleichgewicht gewahrt.} Rc8 $2 {Verpasst die Chance zu 60...a3, was den Gegner
vor unlösbare Probleme gestellt hätte.} 61. Qxc8 Qf4+ 62. Kg1 Qc1+ 63. Kf2
Qd2+ 64. Kf1 Qd1+ 65. Kf2 Qd2+ 66. Kf3 $2 {Der Königszug nach g1 sichert das
Remis.} Qd3+ 67. Kf2 Qxb5 $1 {Schwarz spielt zu Recht auf Gewinn und gibt sich
nicht mit Dauerschach zufrieden.} 68. Qg8+ $6 {Widerstand war nur mit 68.Df8
möglich.} Kxf6 69. Qd8+ Ke6 $2 {Hier gewinnt 69...Kg7.} 70. Qc8+ $2 {Nach 70.
Df8! ist es fraglich, ob Schwarz noch Fortschritte machen kann.} Qd7 $2 {
Richtig ist 70...Kf6 -+} 71. Qc4+ Kf6 72. Ke2 $2 {Stolpert wieder in den
Verlust, anstelle von 72...Da6 =} Qb7 {Es führen bereits verschiedene Wege
nach Rom bzw. zum Sieg.} 73. d5 a3 {Der die Partie entscheidende Freibauer
setzt sich in Bewegung.} 74. Qd4+ Kg6 75. Qd3+ Kg7 76. Qd2 f6 77. c4 Qb3 78. d6
Qxc4+ 79. Kf2 a2 {Etwas erstaunlich, dass der Saitek Sparc im nächsten Zug
aufgibt. Es ist doch wohl nicht möglich, dass er ein 17zügiges Matt schon
erkannt hat. Indessen mag das Programm berechnet haben, dass die schwarze Dame
nach b1 kommt und hernach die Bauernumwandlung nicht mehr aufzuhalten ist.} 80.
Qb2 {Weiss gibt auf} 0-1

[Event "SaitekSparc_Risc2500norm"]
[Site "Zürich"]
[Date "2019.02.27"]
[Round "10"]
[White "Saitek Risc 2500 normal"]
[Black "Saitek Sparc"]
[Result "0-1"]
[WhiteElo "2247"]
[BlackElo "2254"]
[Annotator "KUT"]
[PlyCount "113"]
[EventDate "2019.??.??"]

1. e4 e6 {Vergleichsmatch 120'/40 der Spielstile Risc 2500 gegen Saitek Sparc
| 10. Partie | Vergleich der Zwischenstände nach 10 Partien: Risc 2500 norm =
4.0 Pkt / Risc 2500 akt = 6.5 Pkt | Frühzeitig, mit 13...Dxb2, holt sich
Schwarz einen gegnerischen Bauer, was bei korrektem Stellungsspiel des Risc
2500 normal gerade noch verkraftbar gewesen wäre. Mit dieser Aufgabe ist
Weiss jedoch überfordert und so übernimmt der Saitek Sparc langsam aber
stetig das Ruder. Der schwarze Stellungsvorteil wächst dauernd und mit
kombinierten Drohungen, wobei der Freibauer auf der a-Linie eine wichtige
Rolle spielt, gerät Weiss komplett in die Defensive und muss sich dem
gegnerischen Druck schliesslich beugen.} 2. d4 d5 3. Nc3 Bb4 4. e5 c5 5. Bd2 {
Dieser zurückhaltende aber positionell äusserst gesunde Entfesslungszug, der
die Doppelbauern c2/c3 vermeidet, kann dem unvorbereiteten Schwarzspieler echt
Probleme machen, um die Initiative zu kämpfen.} Nc6 {Das ist statistisch
gegenüber 5...Se7 eine minderwertige Fortsetzung.} 6. Nb5 Bxd2+ 7. Qxd2 Nxd4
8. Nxd4 cxd4 9. f4 {Ende Buch} Ne7 10. Nf3 Nf5 {Ende Buch} 11. Bb5+ {Abweichung
} (11. Bd3 Qb6 12. Bxf5 Qxb2 13. O-O exf5 14. Nxd4 Qa3 15. Rf3 Qa6 16. Qb4 Qb6
17. Qxb6 axb6 18. a3 Ra4 19. Rd3 O-O 20. Rb1 g5 21. fxg5 Re8 22. Nf3 Ra5 23.
Rxb6 Rc5 24. Rd2 Ra5 25. Rb3 Kf8 26. Kf2 Kg8 27. Ke3 Rc5 28. Kf4 Re7 29. Nd4
Rc4 30. Rb5 Be6 31. g3 Kf8 32. Rd3 Rec7 33. Ke3 R4c5 34. Rxc5 Rxc5 35. Rb3 Bc8
36. Kf4 Rc4 37. Rb4 Rc3 38. a4 Rc7 39. a5 Rc5 40. Rb5 Rxb5 41. Nxb5 Bd7 42. Nd6
Bc6 43. Ke3 Ke7 44. Nxf5+ Kd7 45. c3 Bb5 46. h4 Bc6 47. Kd4 Ke6 48. Nd6 Kd7 49.
Nxf7 Ba4 50. Kxd5 Bb3+ 51. c4 Bd1 52. Kc5 Be2 53. Nd6 Bf3 54. Kb6 Bg2 55. Nxb7
Kc8 {1-0 (55) Saitek Risc 2500 aktiv (2247)-Saitek Sparc (2254) Zürich 2019})
11... Bd7 12. Bd3 {Mit seinem Läuferschach auf b5 und hernach dem Rückzug
nach d3 hat Weiss dem Gegner ein Entwicklungstempo geschenkt.} Qb6 13. Bxf5
Qxb2 14. O-O exf5 15. Nxd4 Qa3 16. Rf3 Qa6 17. Rc3 O-O {Schwarz hat einen
Bauern erobert und auch wenn objektiv betrachtet die Stellung sich noch im
Gleichgewicht befindet, ist das bei unseren Oldies mit dem Materialdefizit
selten gut, sofern - wie hier - keine klare Kompensation ersichtlich ist.} 18.
Rc7 Rfd8 19. Qb4 b5 20. Rc5 Qb7 21. Rd1 {Das Schlagen Sxb5 scheitert an ...a6
mit Figurengewinn.} Rac8 {Aktiver ist ...a5} 22. Qa5 Qa8 $6 {Ein seltsamer
Rückzug.} 23. Rc3 $6 {Besser Tc7 =} Rxc3 24. Qxc3 Qb7 {Logischer der Tempozug
mit Besetzung der c-Linie durch ...Tc8.} 25. Qd3 g6 26. Rb1 a6 27. a4 Qa7 {
Diese Fesslung rettet den Bauer b5.} 28. axb5 Bxb5 {Schwarz hat den Mehrbauer
gefahrlos halten können und besitzt nun einen schönen Freibauer auf der
a-Linie.} 29. Qc3 Rb8 30. Ra1 Bc4 31. Qe3 Qb6 32. Rd1 a5 33. Ra1 Rb7 34. Kf2
Rd7 35. Kg1 Qa7 36. Qc3 a4 37. Ra3 Rb7 38. Ra1 Rb4 {Dieser Turm ist wegen ...
Dxd4+ nebst ...Dxa1 tabu.} 39. Kf2 Qb6 40. Ke3 Ba6 41. Qd2 $2 {Nach diesem
Fehler ist die weisse Partie endgültig kaputt. Notwendig war Td1.} g5 {
Macht sich den Umstand zunutze, dass fxg5? an ...f4+ nebst Eroberung des Sd4
scheitert.} 42. g3 gxf4+ $6 {Besser hätte Schwarz die weisse Stellung mit ...
g4 lahmlegen können.} 43. gxf4 Kh8 44. h4 Bc8 45. Rd1 Be6 46. Qc1 Qc5 47. Qa1
Rc4 48. Kd3 Qe7 49. Rh1 a3 $19 {Dem Weissen gehen die guten Züge aus.} 50. c3
Rc8 51. h5 Qc5 52. Rh3 Rg8 $1 {Jetzt naht die Vernichtung auf dem anderen
Flügel.} 53. Rh2 Qc4+ 54. Kc2 a2 {Es ist endgültig aus.} 55. Kd2 Rg3 56. Ne2
d4 $1 {Eine kleine überraschende Bombe. Nach Sxg3 Dxc3 geht die weisse Dame
verloren oder der a2-Bauer verwandelt sich nach Damentausch.} 57. Nxg3 {
Weiss gibt auf} 0-1